ARRUPE JESUIT UNIVERSITY

CORONAVIRUS -STOP THE SPREAD - CLEAN,DISINFECT,COVER

She who is (Record no. 9947)

MARC details
000 -LEADER
fixed length control field 00493nam a2200205Ia 4500
003 - CONTROL NUMBER IDENTIFIER
control field 0100
008 - FIXED-LENGTH DATA ELEMENTS--GENERAL INFORMATION
fixed length control field 130303s9999 xx 000 0 und d
040 ## - CATALOGING SOURCE
Transcribing agency ARRUPELIB
050 ## - LIBRARY OF CONGRESS CALL NUMBER
Classification number BT83.55.J641992
300 ## - PHYSICAL DESCRIPTION
Other physical details 316p. 24cm.
100 ## - MAIN ENTRY--PERSONAL NAME
Personal name Johnson, Elizabeth A
245 ## - TITLE STATEMENT
Title She who is
245 ## - TITLE STATEMENT
Remainder of title the mystery of God in feminist theological discourse
260 ## - PUBLICATION, DISTRIBUTION, ETC. (IMPRINT)
Place of publication, distribution, etc New York
260 ## - PUBLICATION, DISTRIBUTION, ETC. (IMPRINT)
Name of publisher, distributor, etc Crossroad
260 ## - PUBLICATION, DISTRIBUTION, ETC. (IMPRINT)
-- 1992
300 ## - PHYSICAL DESCRIPTION
Extent xii
700 ## - ADDED ENTRY--PERSONAL NAME
Personal name Elizabeth A. Johnson
942 00 - ADDED ENTRY ELEMENTS (KOHA)
Koha issues (borrowed), all copies 1
Holdings
Withdrawn status Lost status Source of classification or shelving scheme Damaged status Not for loan Collection code Home library Current library Shelving location Date acquired Total Checkouts Full call number Barcode Date last seen Date checked out Copy number Price effective from Koha item type
    Library of Congress Classification     Main Collection ARRUPE LIBRARY ARRUPE LIBRARY Main Collection 04/03/2013 1 BT83.55.J641992 46500001490 11/01/2017 24/08/2013 1 04/03/2013 Monograph ( Printed materials)
    Library of Congress Classification     Main Collection ARRUPE LIBRARY ARRUPE LIBRARY   04/03/2013   BT83.55.J641992 46500001992 11/01/2017   2 04/03/2013 Monograph ( Printed materials)

 

Arrupe Library. PO Box MP320 Mt Pleasant, Harare, Zimbabwe
263 242 745411|librarian@aju.ac.zw